| 000 | 00371nam a2200157Ia 4500 | ||
|---|---|---|---|
| 008 | 220204s9999 xx 000 0 und d | ||
| 082 |
_a678.067.5 _bPEN |
||
| 100 | _aPenn, W S | ||
| 245 | 0 | _aGRP technology | |
| 260 |
_aLondon _bMaclaren _c1966 |
||
| 650 | _aAccelerators | ||
| 650 | _aGlass Reinforced Plastics | ||
| 650 | _aMoulds | ||
| 650 | _aResins | ||
| 942 | _cBK | ||
| 999 |
_c23352 _d23352 |
||